[Event "Soest op"]
[Site "Soest"]
[Date "2001.05.27"]
[Round "7.34"]
[White "Strating, Maarten"]
[Black "Pandelaar, Vincent"]
[Result "1/2-1/2"]
[WhiteElo "1522"]
[BlackElo "1638"]
[PlyCount "34"]
[EventDate "2001.05.25"]
[EventType "swiss"]
[EventRounds "7"]
[EventCountry "NED"]
[SourceTitle "EXT 2002"]
[Source "ChessBase"]
[SourceDate "2001.11.25"]
[SourceVersion "1"]
[SourceVersionDate "2001.11.25"]
[SourceQuality "1"]

1. e4 e6 2. d4 d5 3. exd5 exd5 4. Nf3 Bd6 5. Nc3 c6 6. Bd3 Nf6 7. 0-0 0-0 8. h3 Be6 9. Be3 h6 10. Qd2 Re8 11. Rfe1 Nbd7 12. Bf4 Nf8 13. Re2 Rc8 14. Bxd6 Qxd6 15. Na4 b6 16. c3 Nh5 17. Re5 Nf6 1/2-1/2